liste des albums de Booba - Statistiques

Statistiques générales
  • Ce quiz a été pris 357 fois
  • Le résultat moyen est 8 sur 10
Statistiques - réponses
Année de sortie Réponse % Correct
2002 temps mort
91%
2015 nero nemesis
83%
2004 panthéon
83%
2006 ouest side
82%
2017 trône
80%
2008 0.9
77%
2021 ultra
77%
2012 futur
72%
2015 d.u.c.
69%
2010 lunatic
65%
Aucun quiz correspondant
Distribution des résultats
% des personnes avec chaque résultat
Percentile par nombre de réponses
Votre historique - résultats
Vous n’avez pas pris ce quiz